[Event "Ceske Budejovice op-A"]
[Site "Ceske Budejovice"]
[Date "2025.07.05"]
[Round "8"]
[White "Tesar, Daniel"]
[Black "Policar, Martin"]
[Result "1/2-1/2"]
[WhiteElo "1780"]
[BlackElo "1943"]
[PlyCount "90"]
[EventDate "2025.06.28"]
[EventType "swiss"]
[EventRounds "9"]
[EventCountry "CZE"]
[SourceTitle "CB28_2025"]
[SourceDate "2025.07.09"]
[SourceVersion "1"]
[SourceVersionDate "2025.07.09"]
[SourceQuality "1"]

1. d4 Nf6 2. Bf4 d5 3. Nf3 g6 4. e3 Bg7 5. Nbd2 0-0 6. c3 c5 7. dxc5 a5 8. a4 Nc6 9. h3 Kh8 10. Bb5 Na7 11. Be2 Re8 12. 0-0 h6 13. Ne5 Be6 14. Nb3 Nc6 15. Nxc6 bxc6 16. Nd4 Bd7 17. Be5 Ne4 18. Bxg7+ Kxg7 19. Nb3 e5 20. Bd3 Ng5 21. Nd2 Qb8 22. b4 axb4 23. Rb1 Qa7 24. cxb4 Qxa4 25. Qxa4 Rxa4 26. b5 Ra3 27. bxc6 Bxc6 28. Bb5 Bxb5 29. Rxb5 Rc3 30. Nb3 Rc8 31. Rd1 Ne6 32. c6 R8xc6 33. Na5 R6c5 34. Rxd5 Rxb5 35. Rxb5 Kf6 36. Kh2 Rc2 37. Kg3 Ng5 38. Rb4 Kf5 39. f3 h5 40. h4 Ne6 41. Rb7 Kf6 42. Rb6 Re2 43. Nc4 Rc2 44. Nd6 Ke7 45. Ne4 f5 1/2-1/2

[Event "Ceske Budejovice op-A"]
[Site "Ceske Budejovice"]
[Date "2025.07.02"]
[Round "5"]
[White "Korcak, Martin"]
[Black "Tesar, Daniel"]
[Result "0-1"]
[WhiteElo "1607"]
[BlackElo "1780"]
[PlyCount "36"]
[EventDate "2025.06.28"]
[EventType "swiss"]
[EventRounds "9"]
[EventCountry "CZE"]
[SourceTitle "CB28_2025"]
[SourceDate "2025.07.09"]
[SourceVersion "1"]
[SourceVersionDate "2025.07.09"]
[SourceQuality "1"]

1. c4 Nf6 2. Nc3 g6 3. g3 Bg7 4. Bg2 0-0 5. b3 c5 6. Nf3 Nc6 7. 0-0 d6 8. Bb2 a6 9. Re1 Rb8 10. e3 Bf5 11. d4 Ne4 12. Nxe4 Bxe4 13. Ng5 Bxg2 14. Kxg2 b5 15. cxb5 axb5 16. Qd2 c4 17. Rec1 e6 18. bxc4 Qxg5 0-1

[Event "Ceske Budejovice op-A"]
[Site "Ceske Budejovice"]
[Date "2025.07.01"]
[Round "4"]
[White "Tesar, Daniel"]
[Black "Goelles, Herbert"]
[Result "0-1"]
[WhiteElo "1780"]
[BlackElo "1937"]
[PlyCount "89"]
[EventDate "2025.06.28"]
[EventType "swiss"]
[EventRounds "9"]
[EventCountry "CZE"]
[SourceTitle "CB28_2025"]
[SourceDate "2025.07.09"]
[SourceVersion "1"]
[SourceVersionDate "2025.07.09"]
[SourceQuality "1"]

1. d4 g6 2. Bf4 Bg7 3. Nf3 d6 4. c3 Nd7 5. e4 e5 6. dxe5 dxe5 7. Be3 Ngf6 8. Nbd2 0-0 9. h3 Qe7 10. Be2 b6 11. 0-0 Bb7 12. Qc2 Nc5 13. Ng5 h6 14. b4 Ne6 15. Nxe6 Qxe6 16. a4 a5 17. b5 Nd7 18. f3 Qe7 19. Rfe1 Nc5 20. Bf2 Rad8 21. Rad1 h5 22. Nb3 Ne6 23. Bc4 Nf4 24. Bf1 Bc8 25. c4 Be6 26. c5 Rb8 27. Nc1 g5 28. Ne2 g4 29. Nxf4 exf4 30. fxg4 hxg4 31. hxg4 Bxg4 32. Be2 Be6 33. c6 Qg5 34. Bd4 Bxd4+ 35. Rxd4 Kg7 36. Qc3 f6 37. Bc4 Qc5 38. Kf1 Rbd8 39. Red1 Rxd4 40. Rxd4 Rh8 41. Qd3 Rh1+ 42. Kf2 Bg4 43. Bb3 Rc1 44. Qd2 Rb1 45. Qd3 0-1

[Event "Ceske Budejovice op-A"]
[Site "Ceske Budejovice"]
[Date "2025.06.29"]
[Round "2"]
[White "Tesar, Daniel"]
[Black "Dudarec, Elias"]
[Result "0-1"]
[WhiteElo "1780"]
[BlackElo "1928"]
[PlyCount "82"]
[EventDate "2025.06.28"]
[EventType "swiss"]
[EventRounds "9"]
[EventCountry "CZE"]
[SourceTitle "CB28_2025"]
[SourceDate "2025.07.09"]
[SourceVersion "1"]
[SourceVersionDate "2025.07.09"]
[SourceQuality "1"]

1. d4 Nf6 2. Bf4 g6 3. Nf3 Bg7 4. c3 0-0 5. Nbd2 d5 6. e3 b6 7. h4 Bg4 8. Qa4 Nbd7 9. Ne5 Nxe5 10. Bxe5 Ne4 11. Bxg7 Kxg7 12. Qc2 Nxd2 13. Qxd2 Qd6 14. f4 c5 15. Be2 Bf5 16. 0-0-0 c4 17. h5 Qc6 18. g4 Be4 19. Rh3 f5 20. hxg6 hxg6 21. gxf5 Bxf5 22. Rg3 Qe6 23. Bf3 Rh8 24. Qg2 Qxe3+ 25. Rd2 Qxf4 26. Bxd5 Raf8 27. Rf3 Qh4 28. Re2 Bd3 29. Ree3 Qh1+ 30. Qxh1 Rxh1+ 31. Kd2 Rh2+ 32. Ke1 Rxf3 33. Rxf3 Rxb2 34. Rf7+ Kh6 35. Rxe7 Rxa2 36. Rc7 b5 37. Rb7 a6 38. Bf3 Kg5 39. Rf7 Bf5 40. Be2 Kf4 41. d5 Ke3 0-1